000
00341 a2200169 4500
001
184017
020
_a
85-08-04431-3
040
_c
Magnum
100
_a
Rocha, Ruth
240
1
0
_a
O amigo do rei
_l
por
245
1
0
_a
O amigo do rei
300
_a
32
362
0
_a
1995
440
1
_a
Ática
697
_a
LITERATURA INFANTO
942
_c
BK
999
_c
184017
_d
184017